| 000 | 00540nam a2200193 a 4500 | ||
|---|---|---|---|
| 005 | 20230602063608.0 | ||
| 008 | 131007s2004 mx r 000 0 spa d | ||
| 020 | _a968685147X | ||
| 035 | _aUPN01000193539 | ||
| 049 | _aCG | ||
| 050 | 4 |
_aPQ7276.2 W6.5 _bT7.3 |
|
| 245 | 0 | 0 |
_a13 estampas de mujeres mexicanas / _cMaría Marcelina Canché Pool ... [et al.]. |
| 260 |
_aMéxico : _bDEMAC, _c2004. |
||
| 300 | _a566 p. | ||
| 650 | 4 |
_aCuentos mexicanos _96937 |
|
| 650 | 4 |
_aAUTORAS MEXICANAS _93825 |
|
| 905 | _aLibro | ||
| 999 |
_c165640 _d165640 |
||